XXI Century Oscar's Best Picture Nominees - Statistics

General Stats
  • This quiz has been taken 45 times
  • The average score is 81 of 200
Answer Stats
Year Director Film % Correct
2025 Sean Baker Anora
84%
2024 Christopher Nolan Oppenheimer
84%
2001 Ridley Scott Gladiator
79%
2026 Paul Thomas Anderson One Battle After Another
79%
2013 Ben Affleck Argo
74%
2010 James Cameron Avatar
74%
2023 James Cameron Avatar: The Way of Water
74%
2022 Denis Villeneuve Dune
74%
2025 Denis Villeneuve Dune: Part Two
74%
2023 Daniel Kwan & Daniel Scheinert Everything Everywhere All at Once
74%
2021 Chloé Zhao Nomadland
74%
2020 Bong Joon-ho Parasite
74%
2018 Guillermo del Toro The Shape of Water
74%
2024 Greta Gerwig Barbie
68%
2006 Paul Haggis Crash
68%
2026 Joseph Kosinski F1
68%
2026 Guilermo Del Toro Frankenstein
68%
2020 Greta Gerwig Little Women
68%
2026 Josh Safdie Marty Supreme
68%
2005 Clint Eastwood Million Dollar Baby
68%
2017 Barry Jenkins Moonlight
68%
2020 Quentin Tarantino Once Upon a Time in Hollywood
68%
2024 Yorgos Lanthimos Poor Things
68%
2026 Ryan Coogler Sinners
68%
2014 Steve McQueen 12 Years a Slave
63%
2002 Ron Howard A Beautiful Mind
63%
2026 Yorgos Lanthimos Bugonia
63%
2019 Peter Farrelly Green Book
63%
2020 Martin Scorsese The Irishman
63%
2011 Tom Hooper The King's Speech
63%
2002 Peter Jackson The Lord of the Rings: The Fellowship of the Ring
63%
2004 Peter Jackson The Lord of the Rings: The Return of the King
63%
2026 Kleber Mendonça Filho The Secret Agent
63%
2025 Coralie Fargeat The Substance
63%
2025 John M. Chu Wicked
63%
2020 Sam Mendes 1917
58%
2019 Bradley Cooper A Star Is Born
58%
2015 Alejandro G. Iñárritu Birdman
58%
2003 Rob Marshall Chicago
58%
2022 Sian Heder CODA
58%
2013 Quentin Tarantino Django Unchained
58%
2018 Jordan Peele Get Out
58%
2026 Chloé Zhao Hamnet
58%
2011 Christopher Nolan Inception
58%
2020 Todd Phillips Joker
58%
2017 Damien Chazelle La La Land
58%
2008 Joel & Ethan Coen No Country for Old Men
58%
2021 Emerald Fennell Promising Young Woman
58%
2026 Joachim Trier Sentimental Value
58%
2012 Michel Hazanavicius The Artist
58%
2019 Ryan Coogler Black Panther
53%
2017 Denzel Washington Fences
53%
2018 Greta Gerwig Lady Bird
53%
2013 Ang Lee Life of Pi
53%
2019 Alfonso Cuarón Roma
53%
2016 Tom McCarthy Spotlight
53%
2007 Martin Scorsese The Departed
53%
2019 Yorgos Lanthimos The Favourite
53%
2003 Roman Polanski The Pianist
53%
2022 Jane Campion The Power of the Dog
53%
2016 Alejandro G. Iñárritu The Revenant
53%
2015 Clint Eastwood American Sniper
47%
2024 Justine Triet Anatomy of a Fall
47%
2022 Kenneth Branagh Belfast
47%
2019 Spike Lee BlacKkKlansman
47%
2016 Steven Spielberg Bridge of Spies
47%
2006 Ang Lee Brokeback Mountain
47%
2018 Luca Guadanigno Call Me By Your Name
47%
2025 Jacques Audiard Emilia Pérez
47%
2020 James Mangold Ford v Ferrari
47%
2010 Quentin Tarantino Inglourious Basterds
47%
2024 Martin Scorsese Killers of the Flower Moon
47%
2022 Paul Thomas Anderson Licorice Pizza
47%
2002 Baz Luhrmann Moulin Rouge!
47%
2018 Paul Thomas Anderson Phantom Thread
47%
2009 Danny Boyle Slumdog Millionaire
47%
2023 Todd Field TÁR
47%
2025 Brady Corbet The Brutalist
47%
2023 Steven Spielberg The Fabelmans
47%
2015 Wes Anderson The Grand Budapest Hotel
47%
2024 Alexander Payne The Holdovers
47%
2010 Pete Docter Up
47%
2022 Steven Spielberg West Side Story
47%
2014 David O. Russell American Hustle
42%
2017 Denis Villeneuve Arrival
42%
2011 Darren Aronofsky Black Swan
42%
2001 Ang Lee Crouching Tiger, Hidden Dragon
42%
2023 Baz Luhrmann Elvis
42%
2014 Alfonso Cuarón Gravity
42%
2014 Spike Jonze Her
42%
2025 Walter Salles I'm Still Here
42%
2020 Taika Waititi Jojo Rabbit
42%
2024 Bradley Cooper Maestro
42%
2017 Kenneth Lonergan Manchester by the Sea
42%
2021 David Fincher Mank
42%
2003 Peter Jackson The Lord of the Rings: The Two Towers
42%
2008 Paul Thomas Anderson There Will Be Blood
42%
2011 David Fincher The Social Network
42%
2023 Joseph Kosinski Top Gun: Maverick
42%
2011 Lee Unkrich Toy Story 3
42%
2010 Jason Reitman Up in The Air
42%
2015 Damien Chazelle Whiplash
42%
2023 Edward Berger All Quiet on the Western Front
37%
2015 Richard Linklater Boyhood
37%
2022 Adam McKay Don't Look Up
37%
2018 Christopher Nolan Dunkirk
37%
2017 Mel Gibson Hacksaw Ridge
37%
2012 Martin Scorsese Hugo
37%
2013 Steven Spielberg Lincoln
37%
2004 Sofia Coppola Lost in Translation
37%
2016 George Miller Mad Max: Fury Road
37%
2020 Noah Baumach Marriage Story
37%
2024 Celine Song Past Lives
37%
2013 David O. Russell Silver Linings Playbook
37%
2021 Florian Zeller The Father
37%
2010 Kathryn Bigelow The Hurt Locker
37%
2026 Clint Bentley Train Dreams
37%
2019 Adam McKay Vice
37%
2007 Alejandro González Iñárritu Babel
32%
2019 Bryan Singer Bohemian Rhapsody
32%
2014 Paul Greengrass Captain Phillips
32%
2025 Edward Berger Conclave
32%
2003 Martin Scorsese Gangs of New York
32%
2012 Woody Allen Midnight in Paris
32%
2009 Gus Van Sant Milk
32%
2021 Lee Isaac Chung Minari
32%
2006 Steven Spielberg Munich
32%
2025 RaMell Ross Nickel Boys
32%
2022 Guilermo Del Toro Nightmare Alley
32%
2005 Alexander Payne Sideways
32%
2012 Alexander Payne The Descendants
32%
2016 Ridley Scott The Martian
32%
2021 Aaron Sorkin The Trial of the Chicago 7
32%
2014 Martin Scorsese The Wolf of Wall Street
32%
2024 Jonathan Glazer The Zone of Interest
32%
2011 Danny Boyle 127 Hours
26%
2025 James Mangold A Complete Unknown
26%
2013 Michael Haneke Amour
26%
2023 Martin McDonagh Banshees of Inisherin
26%
2014 Jean-Marc Vallé Dallas Buyers Club
26%
2022 Ryusuke Hamaguchi Drive My Car
26%
2005 Marc Forster Finding Neverland
26%
2021 Shaka King Judas and the Black Messiah
26%
2017 Garth Davis Lion
26%
2004 Peter Weir Master and Commander: The Far Side of the World
26%
2012 Bennett Miller Moneyball
26%
2015 Ava DuVarney Selma
26%
2016 Adam Mckay The Big Short
26%
2018 Martin McDonagh Three Billboards Outside Ebbing, Missouri
26%
2001 Steven Soderbergh Traffic
26%
2023 Ruben Ostlund Triangle of Sadness
26%
2023 Sarah Polley Women Talking
26%
2024 Cord Jefferson American Fiction
21%
2002 Ridley Scott Black Hawk Down
21%
2016 John Crowley Brooklyn
21%
2018 Joe Wright Darkest Hour
21%
2002 Robert Altman Gosford Park
21%
2017 David Mackenzie Hell or High Water
21%
2008 Jason Reitman Juno
21%
2013 Tom Hooper Les Misérables
21%
2008 Tony Gilroy Michael Clayton
21%
2004 Clint Eastwood Mystic River
21%
2005 Martin Scorsese The Aviator
21%
2010 John Lee Hancock The Blind Side
21%
2003 Stephen Daldry The Hours
21%
2015 Morten Tyldum The Imitation Game
21%
2018 Steven Spielberg The Post
21%
2015 James Marsh The Theory of Everything
21%
2012 Terrence Malick The Tree of Life
21%
2013 Kathryn Bigelow Zero Dark Thirty
21%
2010 Lynn Barber An Education
16%
2010 Joel & Ethan Coen A Serious Man
16%
2008 Joe Wright Atonement
16%
2001 Stephen Daldry Billy Elliot
16%
2006 Bennett Miller Capote
16%
2009 Ron Howard Frost/Nixon
16%
2006 George Clooney Good Night, and Good Luck
16%
2007 Clint Eastwood Letters from Iwo Jima
16%
2014 Alexander Payne Nebraska
16%
2014 Stephen Frears Philomena
16%
2016 Lenny Abrahamson Room
16%
2004 Gary Ross Seabiscuit
16%
2021 Darius Marder Sound of Metal
16%
2009 David Fincher The Curious Case of Benjamin Button
16%
2011 David O. Russell The Fighter
16%
2012 Tate Taylor The Help
16%
2007 Stephen Frears The Queen
16%
2009 Stephen Daldry The Reader
16%
2011 Joel & Ethan Coen True Grit
16%
2011 Debra Granik Winter's Bone
16%
2013 Benh Zeitlin Beasts of the Southern Wild
11%
2001 Lasse Hallström Chocolat
11%
2010 Neill Blomkemp District 9
11%
2012 Stephen Daldry Extremely Loud & Incredibly Close
11%
2022 Reinaldo Marcus Green King Richard
11%
2007 Jonathan Dayton & Valerie Faris Little Miss Sunshine
11%
2010 Lee Daniels Precious
11%
2005 Taylor Hackford Ray
11%
2011 Lisa Cholodenko The Kids Are All Right
11%
2012 Steven Spielberg War Horse
11%
No matching quizzes found
Score Distribution
Percent of People with Each Score
Percentile by Number Answered
Your Score History
You have not taken this quiz